000 00761nam a22002297a 4500
005 20170124105942.0
010 _a978877
020 _c00.00
035 _a978877
037 _bCen Lib/Ret
040 _aDPL
_bEN
082 _a327.54073
_bKAL
100 _aKaul, T.N.
_91644
245 _aThe kissinger years :
_cby T.N. Kaul
_bIndo-American Relations /
260 _aNew Delhi
_bArnold Heineman
_c1980
270 _bNew Delhi
_e110016
_aAb/9, Safdarjang Enclave
300 _a112p.
_c21cm(Hb)
500 _aIncludes bibliographical references and index
650 _a India -- Foreign relations -- United States.
_z
_973875
650 _a United States -- Foreign relations -- India.
_973876
942 _2ddc
_cEN
_h327.54073
_mKAL
999 _c124685
_d124685